WWE United States Champions since 2020 - Statistics

General Stats
  • This quiz has been taken 21 times
    6 since last reset
  • The average score is 18 of 20
Answer Stats
Date won Date lost Answer % Correct
Apr 18, 2022 Jul 2, 2022 Austin Theory
100%
Nov 26, 2022 Aug 11, 2023 Austin Theory
100%
Apr 19, 2025 Jun 28, 2025 Jacob Fatu
100%
Aug 3, 2024 Nov 30, 2024 LA Knight
100%
Mar 7, 2025 Apr 19, 2025 LA Knight
100%
Nov 4, 2023 Aug 3, 2024 Logan Paul
100%
Aug 11, 2023 Nov 4, 2023 Rey Mysterio
100%
Aug 29, 2025 Oct 17, 2025 Sami Zayn
100%
Apr 11, 2021 Aug 21, 2021 Sheamus
100%
Nov 30, 2024 Mar 7, 2025 Shinsuke Nakamura
100%
Jun 28, 2025 Aug 29, 2025 Solo Sikoa
100%
May 25, 2020 Aug 30, 2020 Apollo Crews
83%
Aug 30, 2020 Feb 21, 2021 Bobby Lashley
83%
Jul 2, 2022 Oct 10, 2022 Bobby Lashley
83%
Feb 21, 2021 Apr 11, 2021 Matt Riddle
83%
Oct 10, 2022 Nov 26, 2022 Seth Rollins
83%
Dec 26, 2019 May 25, 2020 Andrade
67%
Aug 21, 2021 Feb 28, 2022 Damian Priest
67%
Feb 28, 2022 Apr 18, 2022 Finn Bàlor
67%
Oct 17, 2025 —— Ilja Dragunov
67%
No matching quizzes found
Score Distribution
Percent of People with Each Score
Percentile by Number Answered
Your Score History
You have not taken this quiz since the last reset